000
00442nam a2200133Ia 4500
008
100328s9999 xx 000 0 und d
082
_b
60820
100
_a
मेंगजी अशोक.
245
_a
प्रेमवीर कासानोवा.
260
_b
पार्टनर.
630
_a
प्रेमवीर कासानोवा.
730
_a
प्रेमवीर कासानोवा.
942
_c
BOOK
999
_c
546938
_d
546935